Steven Universe - Cookie Cat - Lyrics Quiz - Statistics

General Stats
  • This quiz has been taken 38 times
  • The average score is 51 of 63
Answer Stats
Character Lyrics % Correct
Cookie
97%
Cookie
97%
Cookie
97%
Cookie
97%
a
94%
A
94%
a
94%
Caaaaat!
94%
Cat!
94%
Cat!
94%
Cat!
94%
duper
94%
he
94%
He
94%
He's
94%
he's
94%
He's
94%
He's
94%
super
94%
treat
90%
yummy!
90%
an
87%
an
87%
behind!
87%
family
87%
for
87%
from
87%
his
87%
left
87%
Steven Universe Oohhhhh!
87%
outer
87%
space!
87%
tummy!
87%
your
84%
your
84%
all
81%
came
81%
now
81%
Now
81%
store!
81%
war!
81%
But
77%
grocery
77%
local
77%
new
77%
of
77%
refugee
77%
taste!
77%
with
77%
at
74%
at
74%
frozen
74%
interstellar
74%
planet
74%
to
74%
this
71%
pet
68%
available
58%
'cause
55%
109!
29%
Route
26%
off
23%
Gurgens
19%
No matching quizzes found
Score Distribution
Percent of People with Each Score
Percentile by Number Answered
Your Score History
You have not taken this quiz